000 00645nam a2200241Ia 4500
003 OSt
005 20220918192423.0
006 a|||||r|||| 00| 0
007 ta
008 220917b |||||||| |||| 00| 0 eng d
024 _a68,266
037 _cTextual
040 _aARTS
_cARTS
_beng
041 _2eng
_aeng
082 _aO111,2J64:g, K2
100 _aWilson John Dover
_954793
245 0 _aShakespeare's happy comedies
260 _aLondon
_bFaber & Faber UK
_c1962
300 _a224p.
_ccm.
650 _aENGLISH LITERATURE
942 _hO111,2J64:g, K2
_cTEXL
_2CC
999 _c194444
_d194444